000 00436nam a2200157 4500
001 120762
003 ES-MaACL
005 20230906191622.0
007 t|
008 070214s1968 sp r ||||1| spa d
100 1 _aPrados Beltrán, Dolores.
_993636
245 1 3 _aEl comedor escolar /
_cDolores Prados Beltrán.
260 _aMadrid :
_bSeant,
_c1968.
300 _a66 p., 14 lám. ;
_c22 cm.
852 _aES-MaACL
_jC-47507
_bR.82088
999 _c120762
_d120762